| 000 | 06314namaa22004211i 4500 | ||
|---|---|---|---|
| 003 | EG-GICUC | ||
| 005 | 20260402103641.0 | ||
| 008 | 260309s2025 ua a|||frm||| 000 0 eng d | ||
| 040 |
_aEG-GICUC _beng _cEG-GICUC _dEG-GICUC _erda |
||
| 041 | 0 |
_aeng _beng _bara |
|
| 049 | _aDeposit | ||
| 082 | 0 | 4 | _a658 |
| 092 |
_a658 _221 |
||
| 097 | _aM.Sc | ||
| 099 | _aCai01.05.01.M.Sc.2025.Os.T | ||
| 100 | 0 |
_aOsama Ezz El-Arab Abdel Rashid Abd Rabou, _epreparation. |
|
| 245 | 1 | 0 |
_aTest the relationship between emerging and international stock exchanges; through moderating economic policy uncertainty effects / _cby Osama Ezz El-Arab Abdel Rashid Abd Rabou ; Supervised Dr. Mohamed Saleh Abdelatif Assran. |
| 246 | 1 | 5 | _aاختبار العلاقة بين البورصات الناشئة والدولية من خلال تأثيرات عدم اليقين في السياسة الاقتصادية |
| 264 | 0 | _c2025. | |
| 300 |
_a127 Leaves : _billustrations ; _c30 cm. + _eCD. |
||
| 336 |
_atext _2rda content |
||
| 337 |
_aUnmediated _2rdamedia |
||
| 338 |
_avolume _2rdacarrier |
||
| 502 | _aThesis (M.Sc)-Cairo University, 2025. | ||
| 504 | _aBibliography: pages 102-106. | ||
| 520 | 3 | _aThis study investigates the relationship between the Egyptian stock exchange (EGX30) and major international stock exchanges in the United States (S&P 500), China (HSI), and Germany (DAX), with Economic Policy Uncertainty (EPU) as a moderating variable. In light of growing global financial interdependence, the research examines whether co-integration exists between EGX30 and these indices, and assesses the impact of EPU on these relationships. The study fills a gap in the literature, particularly regarding Egypt’s integration with Chinese and German markets and the role of policy uncertainty. Using a quantitative approach, it analyzes monthly data from January 1998 to September 2024. Analytical methods include the Johansen co-integration test, Granger causality test, and Error Correction Model (ECM) to capture both long- and short-term dynamics, including the moderating role of EPU. Findings reveal significant effects from the US and Chinese stock exchanges on EGX30, while no notable link is found with the German exchange. EPU in the US and China negatively influences their respective relationships with Egypt, whereas German EPU shows no significant effect. The study recommends managing the integration between the Egyptian stock exchange and its American and Chinese counterparts, given their strong linkage. The current gap in the relationship with European exchanges, particularly the German exchange, presents an opportunity to develop new diversification tools that support long-term investment strategies. The findings also emphasize the importance of managing the effects of EPU. | |
| 520 | 3 | _aتبحث هذه الدراسة في العلاقة بين البورصة المصرية (EGX30) وعدد من البورصات الدولية الكبرى، وهي بورصة الولايات المتحدة (S&P 500)، وبورصة الصين (HSI)، وبورصة ألمانيا (DAX)، مع اعتبار حالة عدم اليقين في السياسات الاقتصادية (EPU) كمتغير معدل، وفي ظل تزايد الترابط المالي العالمي، تهدف الدراسة إلى تحديد ما إذا كانت هناك علاقة تكامل مشترك بين EGX30 وهذه المؤشرات الدولية، وتقييم أثر حالة عدم اليقين في السياسات الاقتصادية على هذه العلاقات. تسد الدراسة فجوة في الأدبيات خاصة فيما يتعلق بتكامل البورصة المصرية مع الأسواق الصينية والألمانية، ودور عدم اليقين في السياسات الاقتصادية ، اعتمدت الدراسة منهجًا كميًا باستخدام بيانات شهرية من يناير 1998 حتى سبتمبر 2024، وتم استخدام اختبارات تحليلية مثل اختبار جوهانسن للتكامل المشترك، واختبار السببية لغرانجر، ونموذج تصحيح الخطأ (ECM) لتحليل الديناميكيات طويلة وقصيرة الأجل، وتقييم أثر المتغير المعدل (EPU). أظهرت النتائج وجود تأثير معنوي لكل من البورصتين الأمريكية والصينية على البورصة المصرية، في حين لم تُلاحظ علاقة ذات دلالة مع البورصة الألمانية، كما تبين أن حالة عدم اليقين في السياسات الاقتصادية في الولايات المتحدة والصين تؤثر سلبًا على علاقتهما بالبورصة المصرية، بينما لم يظهر تأثير ملحوظ لنظيرتها الألمانية. توصي الدراسة بضرورة إدارة التكامل بين البورصة المصرية ونظيرتيها الأمريكية والصينية، نظرًا لارتباطهما القوي بها، وتُعد الفجوة الحالية في العلاقة مع البورصات الأوروبية وعلى رأسها البورصة الالمانية فرصة لاستحداث أدوات تنويع جديدة تخدم الاستراتيجية الاستثمارية طويلة الأجل، وتشدد النتائج على أهمية إدارة تأثيرات حالة عدم اليقين في السياسات الاقتصادية. | |
| 530 | _aIssues also as CD. | ||
| 546 | _aText in English and abstract in Arabic & English. | ||
| 650 | 0 | _aBusiness Administration | |
| 650 | 0 | _aإدارة الأعمال | |
| 653 | 1 |
_aEgyptian Stock Exchange _aInternational Stock Exchanges _aEconomic Policy Uncertainty _aCo-integration _aS&P500 _aHSI _aDAX _aEPU _aEmerging Stock Exchanges _aالبورصة المصرية _aالبورصات الدولية |
|
| 700 | 0 |
_aMohamed Saleh Abdelatif Assran _ethesis advisor. |
|
| 900 |
_b01-01-2025 _cMohamed Saleh Abdelatif Assran _UCairo University _FFaculty of Commerce _D Department of Business Administration |
||
| 905 |
_aShimaa _eEman Ghareb |
||
| 942 |
_2ddc _cTH _e21 _n0 |
||
| 999 | _c178962 | ||